Histoire du regne du khedive Ismail /
Main Author:
Format: Book
Language: French
Published:
Roma :
Stampata ... nell'Istituto poligrafico dello stato per la Reale Società di geografia d'Egitto,
1933-
Series:
Publications spéciales, sous les auspices de Sa Majesté Fouad Ier.
Subjects:
Tags: Add Tag
Call Number: DT106 .D68 v.1-3
| LEADER | 01051nam a22002417a 4500 | ||
|---|---|---|---|
| 003 | OSt | ||
| 005 | 20260405104855.0 | ||
| 008 | 260405m19339999it b g b 000 0 fre d | ||
| 040 | |c ARCE Library | ||
| 050 | 1 | 4 | |a DT106 |b .D68 v.1-3 |
| 100 | 1 | |a Douin, Georges, |e author |9 29179 | |
| 245 | 1 | 0 | |a Histoire du regne du khedive Ismail / |c Georges Douin. |
| 264 | 1 | |a Roma : |b Stampata ... nell'Istituto poligrafico dello stato per la Reale Società di geografia d'Egitto, |c 1933- | |
| 300 | |a volumes : |b folded maps, tables ; |c 26 cm. | ||
| 490 | 0 | |a Publications spéciales, sous les auspices de Sa Majesté Fouad Ier. | |
| 500 | |a At head of title : G. Douin. | ||
| 504 | |a Bibliographical foot-notes. | ||
| 505 | 0 | |a T. 1. Les premières années du règne, 1863-1867 -- t. 2. L'apogée, 1867-1873 -- t. 3. L'empire africain. 1.ptie. (1863-1869) ; 2. ptie. (1869-1873) ; 3.ptie. fasc. A-B (1874-1876) 2 v. | |
| 600 | 0 | 0 | |a Ismāʻīl, |c Khedive of Egypt, |d 1830-1895. |
| 651 | 0 | |a Egypt |x History |y 640-1882. | |
| 901 | |a reviewed | ||
| 942 | |c BK |2 lcc | ||
| 999 | |c 22811 |d 22811 | ||
